Spezies zuordnen - Disney Edition - Statistiken

Allgemein
  • Dieses Quiz wurde 696 mal gespielt
  • Das Durchschnittsergebnis liegt bei 14 aus 35
Antwortstatistiken
Hint Antwort % Korrekt
Donald Duck Hausente
95%
I-Aah Hausesel
89%
Pumba Warzenschwein
85%
Shir Khan Tiger
82%
Timon Erdmännchen
72%
Sven Rentier
72%
Bambi Weißwedelhirsch
63%
Klopfer Florida-Waldkaninchen
61%
Kuzco Lama
52%
Abu Berberaffe
48%
Jiminy Feldgrille
47%
Cap Rotfuchs
41%
Prinz John Löwe
38%
Heihei Haushuhn
36%
Duchesse Hauskatze
36%
Balu Lippenbär
36%
Rafiki Mandrill
36%
Jim Crow Amerikakrähe
35%
Pongo Haushund
34%
Kanga Rotes Riesenkänguru
34%
Dumbo Asiatischer Elefant
32%
Prinz Naveen Amerikanischer Ochsenfrosch
27%
Kenai Braunbär
24%
Tantor Afrikanischer Elefant
23%
Kerchak Westlicher Gorilla
23%
Karli Hausmaus
21%
Jago Rotlori
20%
Dawn Bellwether Hausschaf
19%
Meeko Waschbär
19%
Mrs. Calloway Hausrind
16%
Taddäus Erdkröte
14%
Orville Wanderalbatros
14%
Hen Wen Hausschwein
13%
Flaps Bengalgeier
12%
Djali Hausziege
10%
Keine übereinstimmenden Quizze gefunden
Verteilung der Resultate
Anzahl Personen mit jedem Resultat
Perzentil nach korrekt beantworteten Fragen
Ihre Resultats-Entwicklung
Sie haben dieses Quiz noch nicht gespielt